Statistics for Azerbaijan First Level Subdivisions

Click here to take the quiz!

General Stats

  • This quiz has been taken 103 times
  • The average score is 25 of 78

Answer Stats

Rayonlar% Correct
Baku
98%
Ganja
52%
Lankaran
43%
Lankaran
43%
Shaki
43%
Shaki
43%
Quba
41%
Sumqayit
41%
Nakhchivan
39%
Qusar
39%
Shirvan
39%
Absheron
36%
Agdam
36%
Agdash
36%
Mingachevir
36%
Qazakh
36%
Zaqatala
36%
Agstafa
34%
Agsu
34%
Balakan
34%
Barda
34%
Gobustan
34%
Lerik
34%
Neftchala
34%
Qabala
34%
Qakh
34%
Sabirabad
34%
Yevlakh
34%
Yevlakh
34%
Beylagan
32%
Gadabay
32%
Goychay
32%
Kalbajar
32%
Khankendi
32%
Lachin
32%
Masally
32%
Naftalan
32%
Oghuz
32%
Saatly
32%
Salyan
32%
Shamakhi
32%
Tovuz
32%
Zangilan
32%
Aghjabadi
30%
Astara
30%
Bilasuvar
30%
Goranboy
30%
Goygol
30%
Hajigabul
30%
Imishli
30%
Ismailli
30%
Jalilabad
30%
Khachmaz
30%
Khizi
30%
Khojavend
30%
Qubadli
30%
Shabran
30%
Shamkir
30%
Shusha
30%
Shusha
30%
Ujar
30%
Babek
27%
Dashkasan
27%
Julfa
27%
Kurdamir
27%
Ordubad
27%
Tartar
27%
Zardab
27%
Jabrayil
25%
Kangarli
25%
Sadarak
25%
Samukh
25%
Shahbuz
25%
Khojali
23%
Siazan
23%
Sharur
20%
Yardymli
18%
Fizuli
16%

Score Distribution

Percentile by Number Answered

Percent of People with Each Score

Your Score History

You have not taken this quiz